Sports Quiz

Random Sports or MLB Quiz
Score 0/110 Timer 15:00
0 Plays Today
Decade Player % Correct
1990sKen Griffey
98.8%
2000sAndruw Jones
96.4%
1900sFielder Jones
96.4%
1980sWillie Wilson
94%
1980sMookie Wilson
94%
1920sHack Wilson
94%
1990sBernie Williams
91.6%
1920sCy Williams
91.6%
1910sCy Williams
91.6%
1960sWillie Mays
90.4%
1950sWillie Mays
90.4%
1950sMickey Mantle
88%
2000sCarlos Beltrán
85.5%
2000sTorii Hunter
84.3%
1980sWillie McGee
84.3%
1940sDom DiMaggio
84.3%
1940sJoe DiMaggio
84.3%
1940sVince DiMaggio
84.3%
1990sDevon White
83.1%
1980sDwayne Murphy
83.1%
1980sDale Murphy
83.1%
1980sKirby Puckett
83.1%
2000sSteve Finley
81.9%
1990sSteve Finley
81.9%
1990sKenny Lofton
81.9%
1950sDuke Snider
81.9%
1970sWillie Davis
79.5%
1960sWillie Davis
79.5%
2000sJim Edmonds
77.1%
1950sRichie Ashburn
77.1%
1970sCésar Cedeño
72.3%
2000sMike Cameron
71.1%
2000sJuan Pierre
69.9%
1990sLance Johnson
69.9%
1980sLloyd Moseby
69.9%
1920sTris Speaker
69.9%
1920sTy Cobb
69.9%
Decade Player % Correct
1910sTris Speaker
69.9%
1910sTy Cobb
69.9%
1970sAmos Otis
68.7%
1970sCésar Gerónimo
68.7%
1990sMarquis Grissom
67.5%
2000sVernon Wells
65.1%
1970sPaul Blair
65.1%
1990sBrett Butler
63.9%
1980sBrett Butler
63.9%
1960sCurt Flood
62.7%
1980sChet Lemon
61.4%
1970sMickey Rivers
59%
1960sVada Pinson
59%
1990sRay Lankford
56.6%
1970sGarry Maddox
56.6%
1960sJim Wynn
56.6%
1970sRick Monday
54.2%
1970sBill North
53%
1950sLarry Doby
50.6%
1930sLloyd Waner
50.6%
1960sTony González
48.2%
1970sAl Oliver
45.8%
1950sGus Bell
44.6%
1930sEarl Averill
43.4%
1900sRoy Thomas
43.4%
1920sEarle Combs
39.8%
1980sFred Lynn
37.3%
1960sBill Virdon
36.1%
1990sBrian McRae
30.1%
1950sBill Bruton
28.9%
2000sAaron Rowand
25.3%
1920sEdd Roush
25.3%
1920sMax Carey
25.3%
2000sCorey Patterson
21.7%
1940sSam Chapman
21.7%
1940sTerry Moore
21.7%
1930sTerry Moore
21.7%
Decade Player % Correct
1930sBen Chapman
21.7%
1900sHarry Bay
19.3%
1960sJim Landis
18.1%
1960sVic Davalillo
18.1%
1940sDoc Cramer
15.7%
1930sDoc Cramer
15.7%
1930sWally Berger
15.7%
1930sKiki Cuyler
15.7%
1960sDon Lock
12%
1910sClyde Milan
12%
1900sCy Seymour
12%
1920sBaby Doll Jacobson
10.8%
1920sJohnny Mostil
10.8%
1900sGinger Beaumont
10.8%
1930sSam West
9.6%
1930sMule Haas
9.6%
1940sStan Spence
8.4%
1900sJimmy Barrett
8.4%
1900sJimmy Slagle
8.4%
1930sFred Schulte
7.2%
1910sDode Paskert
7.2%
1910sAmos Strunk
7.2%
1910sFred Snodgrass
7.2%
1900sChick Stahl
7.2%
1900sHomer Smoot
7.2%
1920sIra Flagstead
6%
1910sBenny Kauff
6%
1900sEmmet Heidrick
6%
1940sMike Kreevich
4.8%
1940sWally Judnich
4.8%
1910sTommy Leach
4.8%
1950sJim Busby
3.6%
1950sBill Tuttle
2.4%
1950sJohnny Groth
1.2%
1940sJohnny Rucker
1.2%
1910sRebel Oakes
1.2%
Remove Ads.
Support Sporcle.
Get the best of Sporcle when you Go Orange. This ad-free experience offers more features, more stats, and more fun while also helping to support Sporcle. Thank you for becoming a member.

You're not logged in!

Compare scores with friends on all Sporcle quizzes.
OR
Log In

Sporcle TV

Today on Sporcle TV


Watch our educational content, quiz creation guides, and fun videos on Sporcle TV.

Show Comments

Extras

Top Quizzes Today


Score Distribution

Paid Content

Your Account Isn't Verified!

In order to create a playlist on Sporcle, you need to verify the email address you used during registration. Go to your Sporcle Settings to finish the process.

Report this User

Report this user for behavior that violates our Community Guidelines.

Details: